| 000 | 01225nam a22002657a 4500 | ||
|---|---|---|---|
| 005 | 20100810121110.0 | ||
| 010 | _aHIN-90247 | ||
| 020 |
_c95.00 _a9788128825491 |
||
| 035 | _aHN-62593 | ||
| 037 | _bDBAD / PUB | ||
| 082 | _aक | ||
| 100 |
_aपूजाश्री _99991 |
||
| 245 |
_a21 श्रेष्ठ कहानियाँ: _bपूजाश्री _cछदमवेश / |
||
| 246 |
_a21 Shreshtha Kahaniyan _bby Poojashri |
||
| 260 |
_aनई दिल्ली _bडायमंड पॉकेट बुक्स _c2010 |
||
| 270 |
_aएक्स-30, ओखला इंडस्ट्रियल एरिया, फेज-II _bनई दिल्ली _e110020 _k011-41611861, 40712100 _l011-41611866 _msales@dpb.in |
||
| 300 |
_a101पृ _c22सेमी (अजिल्द) |
||
| 650 |
_bलघु कहानियाँ, हिन्दी _99992 |
||
| 650 |
_bShort Stories, Hindi _99993 |
||
| 700 | _97228 | ||
| 700 | _97267 | ||
| 700 | _97698 | ||
| 942 |
_adpl _cHN _k _2ddc _mपूजाश्री _hक |
||
| 999 |
_c40590 _d40590 |
||